[Event "CRO-chT"]
[Site "Pula"]
[Date "2001.09.15"]
[Round "6"]
[White "Muse, Mladen"]
[Black "Njirjak, Josip"]
[Result "1-0"]
[WhiteElo "2487"]
[BlackElo "2353"]
[PlyCount "121"]
[EventDate "2001.09.10"]
[EventType "team"]
[EventRounds "9"]
[EventCountry "CRO"]
[SourceTitle "CBM 084 Extra"]
[Source "ChessBase"]
[SourceDate "2001.10.26"]
[SourceVersion "1"]
[SourceVersionDate "2001.10.26"]
[SourceQuality "1"]

1. d4 Nf6 2. Nf3 g6 3. c4 Bg7 4. Nc3 0-0 5. Bg5 d6 6. e3 Nbd7 7. Be2 c6 8. 0-0 Re8 9. Qc2 e5 10. Rfd1 Qc7 11. Rac1 Nf8 12. b4 Bf5 13. Qb3 Ne4 14. Nxe4 Bxe4 15. d5 a5 16. Nd2 Bf5 17. e4 Bd7 18. c5 axb4 19. cxd6 Qa5 20. dxc6 bxc6 21. Bc4 Ne6 22. Nf3 h6 23. Be7 Reb8 24. Qe3 Rb7 25. h4 Qa7 26. Qd2 Qb6 27. Bb3 Qb5 28. g3 Qb6 29. Kg2 Nc5 30. Rxc5 Qxc5 31. Rc1 Qb6 32. h5 gxh5 33. Nxe5 Be6 34. Bxe6 fxe6 35. Nf3 Raa7 36. Rh1 Rxe7 37. dxe7 Rxe7 38. Rxh5 c5 39. Qd3 Qc6 40. Qc4 Rc7 41. Nd2 Qd6 42. Nb3 Bf8 43. Rf5 Rf7 44. Rxf7 Kxf7 45. Qe2 Qe5 46. Na5 Bg7 47. Nc4 Qd4 48. f4 Ke7 49. Kf3 Kf7 50. Ne3 Qa1 51. e5 Bf8 52. Qc2 Qh1+ 53. Kf2 Qa1 54. Kg2 Kg7 55. Ng4 Kf7 56. Qh7+ Bg7 57. Nxh6+ Ke8 58. Qg8+ Kd7 59. Qxg7+ Kc6 60. Qa7 Kd5 61. Qd7+ 1-0

[Event "CRO-chT"]
[Site "Pula"]
[Date "2001.09.13"]
[Round "4"]
[White "Njirjak, Josip"]
[Black "Krstic, Uros"]
[Result "1-0"]
[WhiteElo "2353"]
[BlackElo "2343"]
[PlyCount "47"]
[EventDate "2001.09.10"]
[EventType "team"]
[EventRounds "9"]
[EventCountry "CRO"]
[SourceTitle "CBM 084 Extra"]
[Source "ChessBase"]
[SourceDate "2001.10.26"]
[SourceVersion "1"]
[SourceVersionDate "2001.10.26"]
[SourceQuality "1"]

1. Nf3 d6 2. c4 Bg4 3. e3 Nd7 4. Nc3 Ngf6 5. h3 Bh5 6. d4 e5 7. g4 Bg6 8. Nh4 exd4 9. Nxg6 hxg6 10. Qxd4 c6 11. Bg2 Nc5 12. b4 Ne6 13. Qd2 a6 14. Bb2 Rc8 15. Rd1 b5 16. cxb5 axb5 17. Ne2 d5 18. a3 Ng5 19. Nc3 Qe7 20. Qc2 Rc7 21. Rc1 Ne6 22. Ne2 Nd7 23. Nd4 Nb6 24. Nxe6 1-0

[Event "CRO-chT"]
[Site "Pula"]
[Date "2001.09.11"]
[Round "2"]
[White "Njirjak, Josip"]
[Black "Rade, Miroslav"]
[Result "1/2-1/2"]
[WhiteElo "2353"]
[BlackElo "2370"]
[PlyCount "35"]
[EventDate "2001.09.10"]
[EventType "team"]
[EventRounds "9"]
[EventCountry "CRO"]
[SourceTitle "CBM 084 Extra"]
[Source "ChessBase"]
[SourceDate "2001.10.26"]
[SourceVersion "1"]
[SourceVersionDate "2001.10.26"]
[SourceQuality "1"]

1. Nf3 Nf6 2. c4 c5 3. Nc3 d5 4. cxd5 Nxd5 5. e4 Nxc3 6. dxc3 Qxd1+ 7. Kxd1 Nc6 8. Be3 e6 9. Kc2 Be7 10. Be2 Bd7 11. Rhd1 f6 12. Nd2 Na5 13. Nc4 Nxc4 14. Bxc4 b5 15. Rxd7 Kxd7 16. Bxb5+ Kc7 17. Bc4 e5 18. Bd5 1/2-1/2

[Event "Slavonija"]
[Site "Djakovo"]
[Date "2001.08.06"]
[Round "5"]
[White "Njirjak, Josip"]
[Black "Vukic, Milan"]
[Result "1/2-1/2"]
[WhiteElo "2353"]
[BlackElo "2471"]
[PlyCount "46"]
[EventDate "2001.08.04"]
[EventType "tourn"]
[EventRounds "5"]
[EventCountry "CRO"]
[EventCategory "7"]
[SourceTitle "CBM 083 Extra"]
[Source "ChessBase"]
[SourceDate "2001.09.11"]
[SourceVersion "1"]
[SourceVersionDate "2001.09.11"]
[SourceQuality "1"]

1. Nf3 Nf6 2. c4 d6 3. g3 e5 4. Bg2 Be7 5. 0-0 0-0 6. Nc3 c6 7. d3 h6 8. b4 Be6 9. b5 Nbd7 10. Ba3 c5 11. Ne1 Qc7 12. Nc2 Nb6 13. Ne3 Rad8 14. Qb3 Qd7 15. Bb2 Bh3 16. a4 Bxg2 17. Kxg2 Ng4 18. Nxg4 Qxg4 19. a5 Nd7 20. Nd5 Rde8 21. e4 Bd8 22. a6 b6 23. Rae1 Qe6 1/2-1/2

[Event "Slavonija"]
[Site "Djakovo"]
[Date "2001.08.03"]
[Round "2"]
[White "Njirjak, Josip"]
[Black "Stevic, Hrvoje"]
[Result "1/2-1/2"]
[WhiteElo "2353"]
[BlackElo "2485"]
[PlyCount "63"]
[EventDate "2001.08.04"]
[EventType "tourn"]
[EventRounds "5"]
[EventCountry "CRO"]
[EventCategory "7"]
[SourceTitle "CBM 083 Extra"]
[Source "ChessBase"]
[SourceDate "2001.09.11"]
[SourceVersion "1"]
[SourceVersionDate "2001.09.11"]
[SourceQuality "1"]

1. Nf3 d6 2. d4 Bg4 3. e4 Nf6 4. Nc3 e6 5. Be2 Be7 6. 0-0 0-0 7. Be3 c6 8. h3 Bh5 9. Nd2 Bxe2 10. Nxe2 d5 11. e5 Nfd7 12. f4 c5 13. c3 cxd4 14. Nxd4 Nc6 15. N2f3 Rc8 16. Qe1 Nc5 17. f5 Nxd4 18. Nxd4 Nd3 19. Qe2 Nxe5 20. fxe6 Bf6 21. exf7+ Rxf7 22. Nf5 Nc4 23. Bd4 Bxd4+ 24. cxd4 Qd7 25. Qg4 Kh8 26. b3 Nd2 27. Rf2 Ne4 28. Nh6 Re7 29. Nf7+ Kg8 30. Nh6+ Kh8 31. Nf7+ Kg8 32. Nh6+ 1/2-1/2

[Event "Slavonija"]
[Site "Djakovo"]
[Date "2001.08.02"]
[Round "1"]
[White "Kirov, Nino"]
[Black "Njirjak, Josip"]
[Result "1-0"]
[WhiteElo "2422"]
[BlackElo "2353"]
[PlyCount "49"]
[EventDate "2001.08.04"]
[EventType "tourn"]
[EventRounds "5"]
[EventCountry "CRO"]
[EventCategory "7"]
[SourceTitle "CBM 083 Extra"]
[Source "ChessBase"]
[SourceDate "2001.09.11"]
[SourceVersion "1"]
[SourceVersionDate "2001.09.11"]
[SourceQuality "1"]

1. Nf3 Nf6 2. g3 g6 3. Bg2 Bg7 4. 0-0 0-0 5. c4 d6 6. d4 c5 7. Nc3 Nc6 8. b3 cxd4 9. Nxd4 Bd7 10. Nc2 Qa5 11. Bd2 Qh5 12. Rc1 Bh3 13. Ne3 Bxg2 14. Kxg2 Ng4 15. Nxg4 Qxg4 16. Nd5 Rac8 17. Bc3 Bxc3 18. Rxc3 Rfe8 19. Re3 Kf8 20. f4 f5 21. b4 Qh5 22. Qa1 Qh6 23. b5 Na5 24. Qh8+ Kf7 25. Rxe7+ 1-0

[Event "Bizovac Metalis op 08th"]
[Site "Bizovac"]
[Date "2001.02.24"]
[Round "5"]
[White "Njirjak, Josip"]
[Black "Kutuzovic, Branko"]
[Result "1-0"]
[WhiteElo "2332"]
[BlackElo "2441"]
[PlyCount "60"]
[EventDate "2001.02.22"]
[EventType "swiss"]
[EventRounds "7"]
[EventCountry "CRO"]
[SourceTitle "CBM 080 Extra"]
[Source "ChessBase"]
[SourceDate "2001.03.08"]
[SourceVersion "1"]
[SourceVersionDate "2001.03.08"]
[SourceQuality "1"]

1. Nf3 c5 2. g3 b5 3. d4 cxd4 4. Bg2 Bb7 5. 0-0 e6 6. Qxd4 Nc6 7. Qd1 a6 8. Nbd2 Nf6 9. Nb3 Rc8 10. Nfd4 Qc7 11. Nxc6 Bxc6 12. Bf4 d6 13. Bxc6+ Qxc6 14. c3 Nd5 15. Qd2 Nb6 16. Na5 Qc7 17. Rfd1 Nd5 18. Nb3 Nxf4 19. Qxf4 Be7 20. a4 Qc4 21. Nc1 Qc6 22. Nd3 Qb7 23. axb5 axb5 24. Qd4 e5 25. Ra7 exd4 26. Rxb7 dxc3 27. bxc3 Bf6 28. Nf4 Bxc3 29. Rxd6 Be5 30. Rdd7 0-0 1-0